|
|
|
|
| LEADER |
00000nam0a2200000 4500 |
| 001 |
63984 |
| 005 |
20231101212112.0 |
| 035 |
|
|
|a (RuTPU)RU\TPU\book\67890
|
| 090 |
|
|
|a 63984
|
| 100 |
|
|
|a 20040522d1968 m y0rusy50 ca
|
| 101 |
0 |
|
|a rus
|
| 102 |
|
|
|a RU
|
| 105 |
|
|
|a a z 001zy
|
| 200 |
1 |
|
|a Фильтры водозаборных, водопонизительных и гидрогеологических скважин
|f В. М. Гаврилко
|
| 205 |
|
|
|a 3-е изд., испр. и доп.
|
| 210 |
|
|
|a Москва
|c Стройиздат
|d 1968
|
| 215 |
|
|
|a 397 с.
|c ил.
|
| 320 |
|
|
|a Библиогр.: с. 387-395
|
| 606 |
1 |
|
|a Фильтры для воды
|2 stltpush
|3 (RuTPU)RU\TPU\subj\63919
|9 80850
|
| 606 |
1 |
|
|a Буровые скважины на воду
|x Фильтрация
|2 stltpush
|3 (RuTPU)RU\TPU\subj\30652
|9 53730
|
| 610 |
1 |
|
|a фильтры
|
| 610 |
1 |
|
|a водозаборные скважины
|
| 610 |
1 |
|
|a водопонизительные скважины
|
| 610 |
1 |
|
|a гидрогеологические скважины
|
| 610 |
1 |
|
|a подбор
|
| 610 |
1 |
|
|a расчеты
|
| 610 |
1 |
|
|a установка
|
| 675 |
|
|
|a 628.16.06
|v 3
|
| 700 |
|
1 |
|a Гаврилко
|b В. М.
|g Владимир Матвеевич
|
| 801 |
|
1 |
|a RU
|b 63413507
|c 20040522
|g PSBO
|
| 801 |
|
2 |
|a RU
|b 63413507
|c 20200929
|g PSBO
|
| 900 |
|
|
|a Сооружение, эксплуатация и ремонт водозаборных скважин
|
| 942 |
|
|
|c BK
|